000 00352nam a2200133Ia 4500
005 20260328104307.0
008 260328s9999||||xx |||||||||||||| ||und||
100 _aTaborda, Felipe
245 0 _aKABUM!MIX :
_b um projeto dos aluno da Di KABUM /
_cFelipe Taborda
260 _bOI futuro
300 _a200 p.
650 _aDISEÑO GRÁFICO
942 _cBK
999 _c10796
_d10796